Normal view
MARC view
Entry Personal Name
001 - CONTROL NUMBER
- control field: 59956
003 - CONTROL NUMBER IDENTIFIER
- control field: OSt
005 - DATE AND TIME OF LATEST TRANSACTION
- control field: 20260402162241.0
008 - FIXED-LENGTH DATA ELEMENTS
- fixed length control field: 260402|| aca||aabn | a|a d
040 ## - CATALOGING SOURCE
- Original cataloging agency: OSt
- Transcribing agency: OSt
100 ## - HEADING--PERSONAL NAME
- Personal name: Palit, Amitendu Veeramani, C. and Teantri, Malini L.
670 ## - SOURCE DATA FOUND
- Source citation: Work cat.: (OSt): Palit, Amitendu Veeramani, C. and Teantri, Malini L. , Special issue on industrial policy and trade policy in the evolving new global order
